000 00446nam a2200181Ia 4500
001 11166
005 20260306161926.0
008 260306t1973||||xx |||||||||||||| ||spa||
041 _aESP
082 _a985.01
_bL31
100 _aLavallée, Daniele
_eAUT
245 0 _aLes etablissements asto a L´epoque prehispanique
260 _c1973
300 _a143 páginas :
_c24 cm.
650 _aGEN
654 _aCHU
942 _cLIB
_dJUS
_fJUS
_2ddc
_n
999 _c11166
_d11166